00672nam a2200169 a 450000100100000000500170001000800410002704000250006808200150009310000250010824500380013326000320017130000210020359000750022495201860029999900170048500003529320200930074233.0111027s1974 fr 000 0 fre d aDO-SdBNPbspacBNPHU axxxbL186d1 aLaine, Pascal96106113aLa dentelliére /cPascal Laine. aFrance :bGallimard,c1974. a176 p. ;c19 cm. aPerteneció a la biblioteca personal de Juan Isidro Jimenes Grullón 001050718MOaGRbGRcCTd2011-10-27iLF1l0oxxx L186dp35293-10r2020-06-25w2020-06-25y1zPerteneció a la biblioteca personal de Juan Isidro Jimenes- GrullónZNo se presta c34784d34784